Advanced applications of composites high pressure vessels, the construction and chosen aspects of researches; Коммуникация иностранных студентов, магистрантов и аспирантов в учебно-профессиональной и научной сферах

Detalles Bibliográficos
Parent link:Коммуникация иностранных студентов, магистрантов и аспирантов в учебно-профессиональной и научной сферах.— 2011.— [С. 43-46]
Autor principal: Maziuk K.
Sumario:Заглавие с титульного листа
Электронная версия печатной публикации
Lenguaje:inglés
Publicado: 2011
Materias:
Acceso en línea:http://www.lib.tpu.ru/fulltext/v/Conferences/2011/K05/11513.pdf
Formato: MixedMaterials Electrónico Capítulo de libro
KOHA link:https://koha.lib.tpu.ru/cgi-bin/koha/opac-detail.pl?biblionumber=215300

MARC

LEADER 00000naa2a2200000 4500
001 215300
005 20260116172444.0
035 |a (RuTPU)RU\TPU\book\235202 
035 |a RU\TPU\book\235201 
090 |a 215300 
100 |a 20120508d2011 k y0rusy50 ca 
101 0 |a eng 
102 |a RU 
135 |a drnn ---uucaa 
181 0 |a i  
182 0 |a b 
200 1 |a Advanced applications of composites high pressure vessels, the construction and chosen aspects of researches  |f K. Maziuk 
203 |a Текст  |c электронный 
215 |a 1 файл (378 Кб) 
300 |a Заглавие с титульного листа 
300 |a Электронная версия печатной публикации 
337 |a Adobe Reader 
463 1 |0 (RuTPU)RU\TPU\book\234830  |t Коммуникация иностранных студентов, магистрантов и аспирантов в учебно-профессиональной и научной сферах  |o сборник докладов V Университетской научно-практической конференции иностранных студентов, магистрантов и аспирантов Томского политехнического университета, Томск, 18-22 апреля 2011 г.  |f Национальный исследовательский Томский политехнический университет (ТПУ), Институт международного образования и языковой коммуникации (ИМОЯК)  |v [С. 43-46]  |d 2011 
610 1 |a композиты 
610 1 |a композитные материалы 
610 1 |a трубопроводы высокого давления 
610 1 |a строительство 
610 1 |a исследование 
610 1 |a материалы 
610 1 |a электронный ресурс 
700 1 |a Maziuk  |b K. 
801 1 |a RU  |b 63413507  |c 20120507 
801 2 |a RU  |b 63413507  |c 20150317  |g RCR 
856 4 |u http://www.lib.tpu.ru/fulltext/v/Conferences/2011/K05/11513.pdf 
942 |c CF